Teología y economía: aspectos de una ética económica de Martín Lutero /

Guardado en:
書目詳細資料
主要作者: Hans-Jürgen, Prien
格式: Texto
標簽: 添加標簽
沒有標簽, 成為第一個標記此記錄!

MARC

LEADER 00000 a a2200000 04500
001 11923
003
040
100 |a Hans-Jürgen, Prien  
245 |a Teología y economía:   |b aspectos de una ética económica de Martín Lutero /  |c Prien Hans-Jürgen 
773 |g número 77; páginas 20-33  
999 |c 39600  |d 39600 
773 0 |0 41641  |9 2585  |a Departamento Ecuménico de Investigaciones (DEI)  |d San José, Costa Rica Departamento Ecuménico de Investigaciones (DEI)  |o 04290  |t Pasos / 
773 0 |0 41641  |9 2585  |a Departamento Ecuménico de Investigaciones (DEI)  |d San José, Costa Rica Departamento Ecuménico de Investigaciones (DEI)  |o 04290  |t Pasos /